Semana Santa para comunidades cristianas

Wedi'i Gadw mewn:
Manylion Llyfryddiaeth
Prif Awdur: Sepúlveda C., Humberto (Awdur)
Fformat: Llyfr
Iaith:Sbaeneg
Cyhoeddwyd: Santiago Ediciones Paulinas 1984
Rhifyn:1a. ed
Cyfres:El Pueblo Celebra
Pynciau:
Tagiau: Ychwanegu Tag
Dim Tagiau, Byddwch y cyntaf i dagio'r cofnod hwn!

MARC

LEADER 00000cam a2200000 a 4500
001 UCD0664
003 CL-VaPUC
008 151204e19840000cl |||||||||||||||||spa|d
082 0 4 |a 242.35  |b SEP  |2 21 
100 0 |a Sepúlveda C., Humberto  |e author  |9 583624 
245 1 0 |a Semana Santa para comunidades cristianas 
250 |a 1a. ed 
300 |a 63 p 
942 |c BK 
945 |d 20151204 12:43:00  |a gsalatino 
260 |a Santiago  |b Ediciones Paulinas  |c 1984 
650 0 |a Semana Santa  |9 399216 
650 7 |a EVANGELIZACION  |2 CL-VaPUC  |9 583625 
650 7 |a LITERATURA PIADOSA  |2 CL-VaPUC  |9 467509 
583 |a last modification  |c 20151204 12:43:00  |k Rodrigo Vera 
490 0 |a El Pueblo Celebra 
999 |c 362127  |d 362125 
952 |0 0  |1 0  |3 erb  |4 0  |6 242_350000000000000_SEP_1984  |7 0  |8 A  |9 473005  |a BIBTEO  |b BIBTEO  |i 5272920  |o 242.35 SEP 1984  |p 5272920  |r 2025-01-17  |w 2019-11-24  |y BK  |z Catalogado en:20151204  |k ICR